书目信息 |
| 题名: |
西方现代性的曲折与展开
|
|
| 作者: | 贺照田 主编 | |
| 分册: | 下册 | |
| 出版信息: | 长春 吉林人民出版社 2011.1 |
|
| 页数: | 281-552页 | |
| 开本: | 24cm | |
| 丛书名: | 人文译丛 | |
| 单 册: | ||
| 中图分类: | D095.05-53 | |
| 科图分类: | ||
| 主题词: | 政治哲学--西方国家--现代--文集 , 政治哲学 | |
| 电子资源: | ||
| ISBN: | 978-7-206-07210-9 | |
| 000 | 00982oam2 2200289 45 | |
| 001 | 515 | |
| 005 | 20120531151518.89 | |
| 010 | @a978-7-206-07210-9@dCNY32.00(上下册64.00) | |
| 100 | @a20120328d2011 em y0chiy0110 ea | |
| 101 | 0 | @achi |
| 102 | @aCN@b220000 | |
| 105 | @ay a 000yy | |
| 106 | @ar | |
| 200 | 1 | @a西方现代性的曲折与展开@AXi Fang Xian Dai Xing De Qu Zhe Yu Zhan Kai@h下册@HXia Ce@f贺照田主编@FHe Zhao Tian Zhu Bian |
| 205 | @a2版 | |
| 210 | @a长春@c吉林人民出版社@d2011.1 | |
| 215 | @a281-552页@d24cm | |
| 225 | 2 | @a人文译丛 |
| 320 | @a有书目 | |
| 330 | @a本书内容包括:专题一,西方现代性问题与政治哲学的变迁——利奥·施特劳斯论文小辑; 专题二,西方现代性的展开与时代观念的确立——汉娜·阿伦特论文小辑。 | |
| 461 | 0 | @12001 @a人文译丛 |
| 606 | 0 | @a政治哲学@y西方国家@z现代@j文集 |
| 606 | 0 | @a政治哲学 |
| 690 | @aD095.05-53@v4 | |
| 701 | 0 | @a贺照田@AHe Zhao Tian@4主编 |
| 801 | 0 | @aCN@bTSTCL@c20120328 |
| 905 | @b0810830-34@dD095.05-53@e129:2=2@f5 | |
| 西方现代性的曲折与展开.下册/贺照田主编.-2版.-长春:吉林人民出版社,2011.1 |
| 281-552页;24cm.-(人文译丛) |
| ISBN 978-7-206-07210-9:CNY32.00(上下册64.00) |
| 本书内容包括:专题一,西方现代性问题与政治哲学的变迁——利奥·施特劳斯论文小辑; 专题二,西方现代性的展开与时代观念的确立——汉娜·阿伦特论文小辑。 |
| ● |
| 相关链接 |
|
|
|
|
正题名:西方现代性的曲折与展开
索取号:D095.05-53/129:2=2
 
预约/预借
| 序号 | 登录号 | 条形码 | 馆藏地/架位号 | 状态 | 备注 |
| 1 | 0810830 | 208108304 | 第一样本阅览室/ [索取号:D095.05-53/129:2=2] | 在馆 | |
| 2 | 0810831 | 208108313 | 第一借阅区/ [索取号:D095.05-53/129:2=2] | 在馆 | |
| 3 | 0810832 | 208108322 | 第一借阅区/ [索取号:D095.05-53/129:2=2] | 在馆 | |
| 4 | 0810833 | 208108331 | 第一借阅区/ [索取号:D095.05-53/129:2=2] | 在馆 | |
| 5 | 0810834 | 208108340 | 第一借阅区/ [索取号:D095.05-53/129:2=2] | 在馆 |